Normal view
MARC view
- CAPITAL MARKETS
Entry Topical Term
001 - CONTROL NUMBER
- control field: 73884
003 - CONTROL NUMBER IDENTIFIER
- control field: NUST
005 - DATE AND TIME OF LATEST TRANSACTION
- control field: 20210628205110.0
008 - FIXED-LENGTH DATA ELEMENTS
- fixed length control field: 210628|| aca||aabn | a|a d
040 ## - CATALOGING SOURCE
- Original cataloging agency: NUST
- Transcribing agency: NUST
150 ## - HEADING--TOPICAL TERM
- Topical term or geographic name entry element: CAPITAL MARKETS
670 ## - SOURCE DATA FOUND
- Source citation: Work cat.: (NUST): Fabozzi, Frank J, Modigliani, Franco, Jones, Frank J 73883, Capital markets, institutions and instruments, 2007
